Algoritmičeskije gibridnyje sistemy

Enregistré dans:
Détails bibliographiques
Format: Livre
Langue:russe
Publié: Kijev : Naukova dumka, 1972
Tags: Ajouter un tag
Pas de tags, Soyez le premier à ajouter un tag!

MARC

LEADER 00000nam a22000003a 4500
001 stu34243
005 20141122053812.6
008 920311s1972----xxr-----------------rus-d
040 |a STU  |b slo 
041 0 |a rus 
044 |a xxr 
245 |a Algoritmičeskije gibridnyje sistemy 
260 |a Kijev :  |b Naukova dumka,  |c 1972 
300 |a 115 s 
996 |b 284M003580  |c M*4222-1  |l MMKN  |s A  |a 24  |w stu34243_0001